Tilastot visalle Saksan kaupunkeja kartalla

Klikkaa tästä pelataksesi tätä visaa!

Yleistilastot

  • Tätä visaa on pelattu 1 100 kertaa
  • Keskiarvotulos 7 / 12

Vastaukset kartalla

Vastauksille on annettu kartalla punavihreä väri sen mukaan, kuinka moni on saanut sen oikein.
 

Vastaustilastot

Vastaus% Oikein
Berliini
96%
München
75%
Hampuri
72%
Frankfurt
62%
Bremen
54%
Rostock
54%
Dresden
51%
Düsseldorf
51%
Stuttgart
49%
Nürnberg
48%
Saarbrücken
47%
Hannover
45%

Tulosjakauma

Persentiili vastausten määrän mukaan

Jokaisen tuloksen saaneiden osuus

Tuloshistoriasi

Et ole pelannut tätä visaa